000
00319nam a22001337a 4500
020
_a
9789350141915
082
_a
671.52
100
_a
Garg, G.D.
245
_a
A Textbook of Welding Technology
260
_a
New Delhi :
_b
S.K.Kataria & Sons,
_c
2011.
300
_a
364 p. ;
_b
24 cm.
500
_a
Paperback.
942
_c
BK
999
_c
34193
_d
34193